zpět

Detail výsledku týmu

Hospoda U Stolínů, Nový Bydžov

Datum a čas kvízu

29 Celkem bodů Celkový počet nahraných bodů na tomto kvízu bez doplňovacích otázek.
5. Pořadí na kvízu Konečné umístění týmu na tomto kvízu.

Zaznamenané odpovědi

# Otázka Odpověď Body Výsledky
1. Vězně z Azkabanu jste zvolili... B 0
2. Ve třetím díle se dozvídáme o... prof. McGonagallová 1
3. V tomto díle se poprvé seznámí... labutě 0
4. Kolikrát otočí Hermiona obrace... třikrát 1
5. Podívali jste se i na závěrečn... Nox 1
6. Nyní se zaměříme na Fénixův řá... C 1
7. Kdo ze členů Fénixova řádu měl... Nymfadora (Dora) Tonksová 0.5
8. Napište jméno postavy, která s... Mundungus Fletcher, Dolores Umbridge 0.5
9. Kingsley Pastorek pracoval na... v Tibetu 0
10. Zakladatelem Fénixova řádu je... obranu proti černé magii, přeměňování 0.5